Treinte ans de vie française. (Registro nro. 324262)

Detalles MARC
000 -ENCABEZADO
Número de control [NR] 01885nam a22003137a 4500
005 - FECHA Y HORA DE LA ÚLTIMA TRANSACCIÓN
control field 20240529144817.0
008 - DE LONGITUD FIJA DE DATOS DE ELEMENTOS - INFORMACIÓN GENERAL
Elementos de longitud fija [NR] 130821s1920 fr fr fre
040 ## - FUENTE DE CATALOGACION [NR]
Agencia de catalogación original [NR] Co-BoUCM
Idioma de catalogación [NR] spa
Quien Cataloga Sandra Yazo
Quien Clasifica Sandra Yazo
041 0# - CODIGO DE IDIOMA [R]
Código de idioma para texto/pista de sonido o título separado [R] Francés
082 04 - NUMERO DE CLASIFICACION DECIMAL DEWEY [R]
Número de clasificación [R] 320.01
Número de la edición [NR] 20
092 ## - SIGNATURA TOPOGRAFICA LOCAL
Número de clasificación local E53N056
100 1# - ASIENTO PRINCIPAL--NOMBRE PERSONAL [NR]
Nombre personal [NR] Thibaudet, Albert
ID Autoridad 150664
Fechas asociadas con el nombre [NR] 1874-1936
242 10 - TRADUCCION DEL TITULO POR LA AGENCIA CATALOGADORA [R]
Título [NR] Treinta años de la vida francesa.
Parte restante del título [NR] I. Las ideas de Charles Maurras
Código de idioma del título traducido [NR] spa
245 10 - MENCION DE TITULO [NR]
Título [NR] Treinte ans de vie française.
Parte restante del título [NR] I. Les idées de Charles Maurras
Mención de responsabilidad, etc. [NR] Albert Thibaudet
250 ## - MENCION DE EDICION [NR]
Mención de edición [NR] Sixième édition [Sexta edición]
260 ## - PUBLICACION, DISTRIBUCION, ETC. (PIE DE IMPRENTA) [R]
Lugar de publicación, distribución, etc. [R] París (Francia)
Nombre del editor, distribuidor, etc. [R] Éditions de la Nouvelle Revue Française ; Librairie Gallimard ; Impr. Paillart [Ediciones de la Nueva Revista Francesa ; Librería Gallimard ; Imprenta de Paillart]
Fecha de publicación, distribución, etc. [R] 1920
300 ## - DESCRIPCION FISICA [R]
Extensión [R] 319, [1] páginas
Dimensiones [R] 18 x 13 cm
490 0# - MENCION DE SERIE [R]
Mención de serie [R] Éditions de la Nouvelle Revue Française [Ediciones de la Nueva Revista Francesa]
500 ## - NOTA GENERAL [R]
Nota general [NR] Detalles físicos: Sin encuadernación original, actualmente, actualmente: Encuadernación rígida (holandesa) en cartón forrado en papel negro; lomo de tela con letras y líneas decorativas en dorado. Guardas. Hoja de cortesía. Anteportada. Portada impresa en una tinta; con marca tipográfica del Editor. Texto en una sola columna, con diferentes tipos y tamaños de letra. Notas de pie de página. Cortes decorados (jaspeado rojo). Índices
505 0# - NOTA DE CONTENIDO CON FORMATO PREESTABLECIDO [R]
Nota de contenido con formato preestablecido [NR] Libro 1 - 4: La luz de Grecia ; El aire de Provenza ; La piedra de Roma ; La tierra francesa
506 ## - NOTA DE RESTRICCIONES DE ACCESO [R]
Condiciones de acceso [NR] Consulta en sala
546 ## - NOTA DE IDIOMA [R]
Nota de idioma [NR] Texto en francés
600 #1 - ASIENTO SECUNDARIO DE MATERIA - NOMBRE PERSONAL [R]
Nombre personal [NR] Maurras, Charles
Títulos y otras palabras asociadas con el nombre [R] 1868-1952
Subdivisión general [R] Crítica e interpretación
9 (RLIN) 181065
650 #7 - ASIENTO SECUNDARIO DE MATERIA - TERMINO TEMATICO [R]
Término temático o nombre geográfico como elemento de entrada [NR] Política
9 (RLIN) 21910
Subdivisión cronológica [R] Siglo XIX-XX
Subdivisión geográfica [R] Francia
650 #7 - ASIENTO SECUNDARIO DE MATERIA - TERMINO TEMATICO [R]
Término temático o nombre geográfico como elemento de entrada [NR] Conservatismo
9 (RLIN) 11678
Subdivisión cronológica [R] Siglo XIX-XX
650 #7 - ASIENTO SECUNDARIO DE MATERIA - TERMINO TEMATICO [R]
Término temático o nombre geográfico como elemento de entrada [NR] Crítica e interpretación
9 (RLIN) 7470
690 ## - ASUNTO AGREGADO LOCAL DE ENTRADA - TÉRMINO TEMÁTICO (OCLC, RLIN)
Acceso temático local Ciencia política
9 (RLIN) 340
942 ## - ELEMENTOS DE ENTRADA AGREGADOS (KOHA)
Tipo de ítem principal el descrito en 300a Libro
Edición 1
Título oculto en OPAC No
Sistema de clasificación LOCAL
Clasificación E53N056
Existencias
Suprimido Perdido Sistema de clasificación Dañado No prestable Tipo de ítem específico Ubicación habitual Ubicación actual Localización Fecha de creación Forma de adquisición Costo Total préstamos Signatura topográfica Código de barras Última vez visto Ejemplar Price effective from Tipo de ítem
    LOCAL     Libro archivo Archivo Histórico Archivo Histórico Archivo histórico 29/05/2024 Donación 0.00   E53N056 L007088 29/05/2024 Ej.1 29/05/2024 Libro